000
00253nam a22001217a 4500
008
171103b xxu||||| |||| 00| 0 eng d
041
_a
eng
080
_a
33
100
_a
60
101
_a
BUS
245
_a
WRITE ON TARGET
_c
STEIN,D.B
942
_2
udc
_c
BK
999
_c
37432
_d
37432